Grafología Pedagógica (Registro nro. 8475)

Detalles MARC
000 -Cabecera
Campo de control de longitud fija 00759nam a22003017a 4500
005 - Fecha y hora de la última transacción
Campo de control 20251121125631.0
008 - Elementos de longitud fija--Información general
Campo de control de longitud fija 161003b2010 xxu||||| |||| 00| 0 spa d
020 ## - International Standard Book Number
Número Internacional Estándar del Libro (ISBN) 9788427717145
041 ## - Idioma
Código de idioma Español
082 ## - Clasificación Decimal Dewey
Número de clasificación 363.256.5 C417gp
100 ## - Entrada principal--Autor personal
Nombre personal Cerro Jiménez, Sandra María
9 (RLIN) 24409
245 ## - Título propiamente dicho
Título Grafología Pedagógica
260 ## - Pie de imprenta
Lugar de publicación, distribución, etc. España
260 ## - Pie de imprenta
Nombre del editor, distribuidor, etc. Narcea
260 ## - Pie de imprenta
Fecha de publicación, distribución, etc. 2010
300 ## - Descripción física
Extensión 163 páginas
490 ## - Serie
Título de la Serie Investigación Criminal
650 ## - Materia general
Temática (materia general) GRAFOLOGÍA
650 ## - Materia general
Temática (materia general) GRAFOLOGÍA PEDAGÓGICA
650 ## - Materia general
Temática (materia general) MORFOLOGÍA
650 ## - Materia general
Temática (materia general) TINTAS
650 ## - Materia general
Temática (materia general) VOCACIÓN
650 ## - Materia general
Temática (materia general) ORIENTACIÓN VOCACIONAL
650 ## - Materia general
Temática (materia general) PERFILES VOCACIONALES
650 ## - Materia general
Temática (materia general) AUTOESTIMA
650 ## - Materia general
Temática (materia general) AUTOCONFIANZA
942 ## - Punto de acceso adicional KOHA
Tipo de ítem KOHA Libro
Fuente del sistema de clasificación o colocación Dewey Decimal Classification
Existencias
Signatura completa Código de barras Programa Académico Tipo de ítem
363.256.5 C417gp 21453 Investigación Criminal Libro
363.256.5 C417gp 22127 Investigación Criminal Libro